| 000 | 00762nam a22002177a 4500 | ||
|---|---|---|---|
| 003 | 0 | ||
| 005 | 20250407112652.0 | ||
| 008 | 250404b xxu||||| |||| 00| 0 eng d | ||
| 020 | _a978-621-427-215-0 | ||
| 050 |
_aHD 30.22 _b.B33 2024 |
||
| 100 | _aBacay, Rene Boy | ||
| 245 |
_aAdvanced managerial economics and public policy _cRene Boy Bacay and Marmelo Abante |
||
| 260 |
_aIntramuros, Manila _bUnlimited books library services & publishing, Inc _c2024 |
||
| 300 |
_aviii, 368 pages; _c25cm. |
||
| 504 | _aIncludes bibliographical references. | ||
| 650 | _aManagerial economics -- Economic policy. | ||
| 650 | _aPublic policy -- Economic aspects. | ||
| 650 | _aDecision making -- Economic aspects. | ||
| 700 | _aAbante, Marmelo | ||
| 942 |
_2lcc _cBK |
||
| 999 |
_c367373 _d367373 |
||